Ricostruisci la Carriera del Calciatore - Juan - Statistics

Statistiche generali
  • Questo quiz è stato fatto 3 volte
  • Il punteggio medio è 2 su 5
Statistiche sulle risposte
Hint Risposta % Corretto
2012-2015 Internacional
100%
2016-2019 Flamengo
50%
2007-2012 Roma
50%
2002-2007 Bayer Leverkusen
0%
1996-2002 Flamengo
0%
Nessun quiz corrispondente trovato
Distribuzione punteggi
Percentuale di utenti per punteggio
Percentile per numero di risposta
I tuoi punteggi nel tempo
Non hai fatto questo quiz